[Event "WchT 2nd"]
[Site "Luzern"]
[Date "1989.??.??"]
[Round "5.2"]
[White "Nikolic, Predrag"]
[Black "Liang, Jinrong"]
[Result "1-0"]
[WhiteElo "2600"]
[BlackElo "2455"]
[Annotator "Ftacnik,L"]
[PlyCount "101"]
[EventDate "1989.10.27"]
[EventType "team-tourn"]
[EventRounds "9"]
[EventCountry "SUI"]
[SourceTitle "CBM 016"]
[Source "ChessBase"]
[SourceDate "1990.06.01"]
[SourceVersion "1"]
[SourceVersionDate "1990.06.01"]
[SourceQuality "1"]
[WhiteTeam "Yugoslavia"]
[BlackTeam "China"]
[WhiteTeamCountry "YUG"]
[BlackTeamCountry "CHN"]

1. d4 Nf6 2. Nf3 e6 3. c4 d5 4. Nc3 Be7 5. Bg5 O-O 6. e3 h6 7. Bh4 b6 8. Be2
Bb7 9. Bxf6 Bxf6 10. cxd5 exd5 11. O-O Qe7 12. Qb3 Rd8 13. Rad1 c5 14. dxc5
Bxc3 15. Qxc3 bxc5 16. Ne5 Nd7 17. Nxd7 Rxd7 18. Bg4 Rc7 {N} (18... Rdd8 19.
Rc1 Qh4 20. h3 h5 21. Be2 Rac8 22. Qa3 d4 23. exd4 $2 (23. Rxc5 $1 $16) 23...
cxd4 {Ribli,Z-Vaganian,R/Skelleftea/1989/1/4-1/4/37 -> CBM 14}) 19. Rd2 Rd8 20.
Rc1 Rd6 21. Rdc2 Bc8 (21... d4 $5 22. exd4 Rxd4 23. Bf3 $14 (23. Qxd4 cxd4 24.
Rxc7 Qg5)) 22. Bxc8 Rxc8 23. Qd3 c4 24. Qd4 Rb8 25. Rd2 Ra6 26. a3 Ra5 27. h3
Rab5 28. Rcc2 R8b6 29. Qf4 Qf6 $6 (29... Qb7 $5) 30. Qxf6 Rxf6 31. e4 $1 dxe4
32. Rxc4 Rfb6 (32... Re6 33. Rc8+ Kh7 34. Rc7) 33. Rxe4 Rxb2 34. Rxb2 Rxb2 35.
Re8+ Kh7 36. Re7 a6 (36... Kg6 $5 37. Rxa7 h5) 37. Rxf7 Rb3 38. Rf3 Rxf3 $2 39.
gxf3 Kg6 40. Kg2 Kf5 41. Kg3 a5 42. a4 Kg5 43. f4+ Kh5 44. Kf3 Kh4 45. Kg2 Kh5
46. Kg3 Kg6 47. Kg4 Kf6 48. f5 Ke5 49. f3 h5+ 50. Kg5 h4 51. Kg4 {Ftacnik} 1-0

[Event "Sydney Mercantile"]
[Site "Sydney"]
[Date "1991.??.??"]
[Round "4"]
[White "Ftacnik, Lubomir"]
[Black "Van der Sterren, Paul"]
[Result "1/2-1/2"]
[WhiteElo "2590"]
[BlackElo "2475"]
[Annotator "Ftacnik,L"]
[PlyCount "52"]
[EventDate "1991.04.??"]
[EventType "tourn"]
[EventRounds "9"]
[EventCountry "AUS"]
[EventCategory "10"]
[SourceTitle "CBM 023"]
[Source "ChessBase"]
[SourceDate "1991.08.01"]
[SourceVersion "1"]
[SourceVersionDate "1991.08.01"]
[SourceQuality "1"]

1. c4 e6 2. Nc3 d5 3. d4 Nf6 4. Bg5 Be7 5. e3 O-O 6. Nf3 h6 7. Bh4 b6 8. Rc1
Bb7 9. Bxf6 Bxf6 10. cxd5 exd5 11. Bd3 c5 12. O-O cxd4 13. exd4 Nc6 14. Bb1 Re8
15. Qd3 g6 16. Rfe1 Qd6 17. a3 Rac8 $1 {N} (17... Rxe1+ 18. Rxe1 Rd8 19. Ba2
Ne7 20. Ne5 h5 $14 {Karpov,An-Portisch,L/Skelleftea WCup/1989/}) 18. Ba2 Na5
19. Rxe8+ (19. b4 Rxe1+ 20. Rxe1 Nc4) 19... Rxe8 20. b4 Nc4 21. Nxd5 (21. Bxc4
dxc4 22. Qxc4 Bxf3 23. gxf3 Qxd4 $10) 21... Bxd5 (21... b5 $5 22. Nxf6+ Qxf6
23. Re1 (23. Bxc4 bxc4 24. Qxc4 (24. Rxc4 Ba6 $17) 24... Bxf3 25. gxf3 Qxf3 $36
) 23... Rd8) 22. Bxc4 Qf4 (22... Rc8 23. Rc2 Bxf3 (23... Qc6 $2 24. Bb3) 24.
Qxg6+ Kh8 25. Qxh6+ Kg8 26. Bxf7+ (26. Bd3 $5) 26... Kxf7 27. Rxc8 $40) 23. Rd1
Bxf3 24. Qxf3 (24. Qxg6+ Bg7 (24... Kh8 $2 25. Qxf7 Rc8 26. Bd3 Be4 27. Bxe4
$18) 25. gxf3 Qxf3 26. Qd3 Qf4 $44) 24... Re4 $1 (24... Qxf3 25. gxf3 Rc8 26.
Bb5 Rc3 27. d5 $14) 25. Qxf4 Rxf4 26. g3 Rxd4 {Ftacnik,L} 1/2-1/2

[Event "Belgrade Investbank"]
[Site "Belgrade"]
[Date "1989.11.??"]
[Round "10"]
[White "Nikolic, Predrag"]
[Black "Short, Nigel D"]
[Result "1/2-1/2"]
[WhiteElo "2600"]
[BlackElo "2660"]
[Annotator "Ftacnik,L"]
[PlyCount "54"]
[EventDate "1989.11.??"]
[EventType "tourn"]
[EventRounds "11"]
[EventCountry "YUG"]
[EventCategory "15"]
[SourceTitle "CBM 016"]
[Source "ChessBase"]
[SourceDate "1990.06.01"]
[SourceVersion "1"]
[SourceVersionDate "1990.06.01"]
[SourceQuality "1"]

1. d4 Nf6 2. c4 e6 3. Nf3 d5 4. Nc3 Be7 5. Bg5 h6 6. Bh4 O-O 7. e3 b6 8. Be2
Bb7 9. Bxf6 Bxf6 10. cxd5 exd5 11. O-O Re8 12. b4 c6 13. Qb3 Qd6 (13... Nd7 $6
14. Rad1 a6 15. a4 Nf8 16. a5 bxa5 17. bxa5 Rb8 18. Na4 Ne6 19. Qc3 $16 {
Kasparov,G-Ehlvest,J/Belgrade/1989/1-0/59/ -> CBM 16}) 14. a4 Nd7 15. a5 Rad8
16. axb6 axb6 17. Ra7 Qb8 18. Rfa1 b5 $1 19. Ne1 Nb6 20. Nd3 Na4 21. Ra5 Bxd4
22. exd4 Nxc3 23. Qxc3 Rxe2 24. Ne5 $1 f6 25. Qd3 Rb2 26. Qc3 Re2 27. Qd3 Rb2 {
Ftacnik} 1/2-1/2

[Event "Lyon zt"]
[Site "Lyon"]
[Date "1990.??.??"]
[Round "7"]
[White "Miralles, Gilles"]
[Black "Renet, Olivier"]
[Result "1/2-1/2"]
[WhiteElo "2460"]
[BlackElo "2520"]
[Annotator "Ftacnik,L"]
[PlyCount "82"]
[EventDate "1990.04.??"]
[EventType "tourn"]
[EventRounds "13"]
[EventCountry "FRA"]
[EventCategory "8"]
[SourceTitle "CBM 018"]
[Source "ChessBase"]
[SourceDate "1990.10.01"]
[SourceVersion "1"]
[SourceVersionDate "1990.10.01"]
[SourceQuality "1"]

1. d4 Nf6 2. c4 e6 3. Nf3 d5 4. Nc3 Be7 5. Bg5 h6 6. Bh4 O-O 7. e3 b6 8. Bd3
Bb7 9. O-O Nbd7 10. Qe2 c5 11. Rfd1 Ne4 12. Bg3 cxd4 13. Bxe4 $6 {N} (13. exd4)
13... dxc3 (13... dxe4 14. Nxd4 $14) 14. cxd5 cxb2 15. Qxb2 (15. Rab1 Bf6 $22
16. dxe6 Bxe4 17. Rxd7 Qe8 $19) 15... Bf6 16. Ne5 (16. Nd4 exd5 $17) 16... Qe8
$1 (16... Nxe5 17. Bxe5 exd5 18. Bxd5 Bxd5 19. Bxf6 gxf6 20. e4) (16... Qc8 17.
Rac1) 17. Kh1 (17. dxe6 Nxe5 18. Bxe5 (18. Bxb7 Nf3+ $19) 18... Bxe4 19. Bxf6
gxf6 20. Qxf6 Qxe6 $19) (17. Rd2 exd5 18. Bxd5 Nxe5 19. Bxb7 Nf3+ $19) (17. f4
exd5 18. Bxd5 Bxd5 19. Rxd5 Bxe5 20. fxe5 Nc5 $17) 17... Rb8 (17... exd5 18.
Bxd5 Nxe5 (18... Bxd5 19. Rxd5 $10) 19. Bxb7 Ng6 20. Qb3 Bxa1 21. Bxa8 $10) 18.
dxe6 $2 (18. f4 Bxe5 19. fxe5 Nc5 20. Bf3 Bxd5 21. Bxd5 exd5 22. Rxd5 Rd8 $17)
18... Qxe6 $2 (18... Nxe5 19. Bxe5 (19. Bxb7 Ng6 20. Qb3 Rxb7 $19) 19... Bxe4
20. Bxf6 gxf6 21. Qxf6 Qxe6 $19) 19. Rxd7 (19. Bxb7 Rxb7 20. f4 Re8 $19) 19...
Qxd7 (19... Bxe5 20. Bxe5 Qxd7 21. Bxb8) (19... Bxe4 20. Rxa7 Rfe8 21. f4) 20.
Bh7+ $1 (20. Nxd7 Bxb2 21. Rb1 Bxe4 22. Rxb2 Rbc8 $19) 20... Kh8 21. Nxd7 Bxb2
22. Nxf8 (22. Rb1 Rbd8 23. Nxf8 Ba3 24. Bf5 Bxf8 $15) 22... Rxf8 23. Rb1 Rc8
24. Bf5 Rc1+ 25. Rxc1 Bxc1 26. Be5 b5 27. Bd3 a6 28. e4 Bc8 29. g3 Be6 30. Bb1
a5 31. Kg2 b4 32. f4 a4 (32... b3 33. axb3 Bxb3 34. Kf3 a4 35. Ke2 a3 36. Kd3
a2 37. Bc2 Be6 38. f5 Bd7 39. Bb3) 33. Kf2 Bc4 34. Ke1 Be3 35. Bd6 b3 36. axb3
Bxb3 37. Ke2 Bc1 (37... Bd4 38. Kd3 Bb2 39. Bc2 $10) 38. Kd3 Bb2 (38... a3 39.
Bc2 Be6 40. f5 Bd7 41. Bb3) 39. Bc2 Bxc2+ 40. Kxc2 Bd4 41. g4 h5 {Ftacnik,L}
1/2-1/2

[Event "Terrassa"]
[Site "Terrassa"]
[Date "1990.??.??"]
[Round "4"]
[White "Bellon Lopez, Juan Manuel"]
[Black "Georgiev, Kiril"]
[Result "1-0"]
[WhiteElo "2445"]
[BlackElo "2605"]
[Annotator "Ftacnik,L"]
[PlyCount "75"]
[EventDate "1990.04.??"]
[EventType "tourn"]
[EventRounds "11"]
[EventCountry "ESP"]
[EventCategory "11"]
[SourceTitle "CBM 019"]
[Source "ChessBase"]
[SourceDate "1990.12.01"]
[SourceVersion "1"]
[SourceVersionDate "1990.12.01"]
[SourceQuality "1"]

1. d4 Nf6 2. c4 e6 3. Nf3 d5 4. Nc3 Be7 5. Bg5 h6 6. Bh4 O-O 7. e3 b6 8. Qc2
Bb7 9. Bxf6 Bxf6 10. cxd5 exd5 11. g4 c5 12. O-O-O cxd4 13. exd4 Nc6 14. h4 g6
15. g5 hxg5 16. hxg5 Bxg5+ 17. Kb1 Bf6 18. Bd3 Nb4 (18... Bg7 19. Rdg1 Qf6 20.
Nxd5 Qxf3 21. Be4 (21. Qxc6 $2 Qxd3+ (21... Bxc6 $2 22. Ne7#) 22. Ka1 Rfe8 23.
Qxb7 Qxd4 $17) 21... Qxe4 22. Qxe4 Rfe8 23. Qh4 (23. Qf3 $5 Nxd4 24. Nf6+ Bxf6
25. Qxb7 $1 $16) 23... Nxd4 24. Nf6+ Bxf6 25. Qxf6 Be4+ 26. Ka1 (26. Kc1 Ne2+
27. Kd2 Rad8+ 28. Kxe2 Bxh1+ $19) 26... Nc2+ 27. Kb1 Nd4+ $10) 19. Bxg6 $5 Nxc2
20. Bh7+ Kg7 $1 (20... Kh8 21. Bxc2+ Kg8 22. Rdg1+ Bg7 23. Bh7+ (23. Rh7 Qf6
24. Ne5 Rfe8 25. Ng4 Qxd4 26. Nh6+ Kf8 27. Nf5 Qxf2 28. Rhxg7 (28. Rgxg7 Re1+
29. Nd1 Rxd1+ 30. Bxd1 Qxf5+ $19) 28... Re1+ 29. Rxe1 Qxe1+ 30. Nd1 Bc8 $19)
23... Kh8 24. Bc2+ $10) 21. Rdg1+ Bg5 22. Nxg5 (22. Rxg5+ $2 Qxg5 $1 23. Nxg5
Nxd4 $19) 22... Kf6 23. Rh6+ Ke7 24. Bxc2 Qd7 25. Re1+ Kd8 26. Re5 $1 Kc7 27.
Bf5 Qd8 28. Be6 $1 f6 29. Bxd5 $1 fxe5 $6 (29... Bxd5 $1 30. Rxd5 (30. Nxd5+ $1
Kc6 (30... Kb8 $1 31. Ne6 fxe5 32. Nxd8 Rxd8 33. Nb4 Rxd4 $1 34. Nc6+ Kb7 35.
Nxd4 exd4 36. Rd6 Rf8 37. Rxd4 Rxf2 $10) 31. Nb4+ Kb7 32. Rh7+ Kc8 33. Nc6 Qd6
(33... fxe5 34. Nxd8 Rxd8 35. dxe5 $16) 34. Re6 Qf4 35. Ne4 Rd8 36. Nxd8 Kxd8 (
36... Qf5 37. Rhe7 Kxd8 38. Re8+ Kd7 39. R6e7+ Kc6 40. Rxa8 $18) 37. Nd6 $18)
30... Qe8 31. Rh7+ Kc6 $1 32. Nge4 (32. b4 Qe1+ 33. Kb2 Qxc3+ 34. Kxc3 Kxd5)
32... Qxe4+ 33. Nxe4 Kxd5 $19) (29... fxg5 30. Rh7+ Kb8 31. Rxb7+ Kc8 32. Rbe7
$40) 30. Rh7+ Kb8 (30... Kd6 31. Nge4#) (30... Kc8 31. Bxb7+ Kb8 32. Ba6 exd4
33. Rb7+ Kc8 34. Ne6 dxc3 35. Rf7+ $1 Kb8 36. Nxd8 Rxd8 37. bxc3 $18) 31. Rxb7+
Kc8 32. Ne6 exd4 (32... Qf6 33. Nxf8 Qxf8 34. Rf7 Qxf7 35. Bxf7 exd4 36. Bd5 $1
Rb8 37. Ne2 $18) 33. Nxd8 dxc3 (33... Rxd8 34. Rh7 Rb8 35. Be6+ $18) 34. Ne6
Rf5 35. Rc7+ Kb8 36. Rd7 c2+ 37. Kxc2 Rxf2+ 38. Kc3 {Ftacnik,L} 1-0

[Event "Rostock-07 IM Group"]
[Site "Rostock"]
[Date "1981.08.16"]
[Round "2"]
[White "Malich, Burkhard"]
[Black "Neckar, Lubomir"]
[Result "1/2-1/2"]
[WhiteElo "2470"]
[BlackElo "2380"]
[Annotator "Ftacnik,L"]
[PlyCount "42"]
[EventDate "1981.08.15"]
[EventType "tourn"]
[EventRounds "9"]
[EventCountry "DDR"]
[EventCategory "4"]
[SourceTitle "MCL"]
[Source "ChessBase"]
[SourceDate "1999.07.01"]
[SourceVersion "1"]
[SourceVersionDate "1999.07.01"]
[SourceQuality "1"]

1. Nf3 Nf6 2. c4 e6 3. d4 d5 4. Bg5 Be7 5. Nc3 O-O 6. e3 h6 7. Bh4 b6 8. Be2
Bb7 9. Bxf6 Bxf6 10. cxd5 exd5 11. O-O c5 $5 12. dxc5 $1 Bxc3 (12... bxc5 13.
Qb3) 13. bxc3 bxc5 14. Rb1 $6 (14. c4 $5) 14... Qc7 15. Qa4 Nd7 16. Rfd1 Nf6
17. Nd2 Bc8 18. Qc2 Qe5 19. Nf3 Bf5 20. Bd3 Bxd3 21. Qxd3 Qe4 1/2-1/2

[Event "Hilversum KRO m"]
[Site "Hilversum"]
[Date "1991.??.??"]
[Round "3"]
[White "Timman, Jan H"]
[Black "Ivanchuk, Vassily"]
[Result "1/2-1/2"]
[WhiteElo "2630"]
[BlackElo "2735"]
[Annotator "Ftacnik,L"]
[PlyCount "65"]
[EventDate "1991.12.??"]
[EventType "match"]
[EventRounds "6"]
[EventCountry "NED"]
[SourceTitle "CBM 028"]
[Source "ChessBase"]
[SourceDate "1992.06.01"]
[SourceVersion "1"]
[SourceVersionDate "1992.06.01"]
[SourceQuality "1"]

1. d4 d5 2. c4 e6 3. Nc3 Be7 4. Nf3 Nf6 5. Bg5 h6 6. Bh4 O-O 7. e3 b6 8. Be2
Bb7 9. Bxf6 Bxf6 10. cxd5 exd5 11. O-O Qe7 12. Qb3 Rd8 13. Rad1 (13. Rfd1 c6
14. a4 Na6 15. a5 Qb4 16. Qc2 Qe7 $10 {Nikolic,Pr-Beliavsky,A/Reykjavik/1991/})
13... c5 (13... c6 14. Rfe1 Nd7 15. Bd3 Nf8 16. e4 dxe4 17. Nxe4 Bc8 $1 $10 {
Portisch,L-Beliavsky,A/Reggio Emilia/1991/}) 14. dxc5 Bxc3 15. Qxc3 bxc5 16.
Rd2 {N} (16. Rc1 Nd7 17. Rc2 Rdc8 18. Qa3 a5 19. Rfc1 Qf6 20. Bb5 Bc6 $10 {
Weingold-Tal,M/Tallin/1983/}) 16... Nd7 17. Rc1 a5 18. Qa3 Qe4 $1 (18... Qf6
19. Bb5 Bc6 20. Bxc6 Qxc6 21. Nd4 $14) 19. Bb5 d4 $1 20. exd4 (20. Bxd7 Rxd7
21. Qxc5 Rc8 $19) (20. Bd3 Qe6 21. exd4 Bxf3 22. gxf3 Qf6 $1 23. Rcd1 cxd4 24.
Be4 Ne5 $1 $40) 20... Ne5 $1 21. Ne1 (21. dxe5 Rxd2 $19) (21. Bf1 Nxf3+ 22.
Qxf3 Qxf3 23. gxf3 Rxd4 24. Rxd4 cxd4 25. Kg2 $10) 21... cxd4 22. Qg3 Qf5 23.
Bf1 Ba6 24. Nd3 Bxd3 25. Bxd3 Rac8 26. Rcd1 (26. Rxc8 Rxc8 27. Bxf5 $4 Rc1+)
26... Nxd3 27. Qxd3 Qxd3 28. Rxd3 Rc2 29. R3d2 Rdc8 30. f3 d3 31. Kf2 Rb8 (
31... Re8 $2 32. Rxc2 dxc2 33. Rc1 Rc8 34. Ke3 $16) 32. b3 a4 33. bxa4 {
Ftacnik,L} (33. bxa4 Rbb2 34. Ke3 Rxa2 35. Kxd3 Rxd2+ 36. Rxd2 Rxa4 $10)
1/2-1/2

[Event "Reggio Emilia-A 9192 34th"]
[Site "Reggio Emilia"]
[Date "1992.??.??"]
[Round "1"]
[White "Karpov, Anatoly"]
[Black "Beliavsky, Alexander G"]
[Result "1-0"]
[WhiteElo "2730"]
[BlackElo "2655"]
[Annotator "Ftacnik,L"]
[PlyCount "82"]
[EventDate "1991.12.??"]
[EventType "tourn"]
[EventRounds "9"]
[EventCountry "ITA"]
[EventCategory "18"]
[SourceTitle "CBM 027"]
[Source "ChessBase"]
[SourceDate "1992.04.01"]
[SourceVersion "1"]
[SourceVersionDate "1992.04.01"]
[SourceQuality "1"]

1. d4 {Hansen,Cu} e6 2. c4 Nf6 3. Nf3 d5 4. Nc3 Be7 5. Bg5 O-O 6. e3 h6 7. Bh4
b6 8. Be2 Bb7 9. Bxf6 Bxf6 10. cxd5 exd5 11. O-O Qe7 12. Qb3 Rd8 13. Rad1 c6 (
13... c5 {Hansen,Cu} 14. dxc5 Bxc3 15. Qxc3 bxc5) 14. Rfe1 Bc8 $6 {N} (14...
Nd7 15. Bf1 (15. Bd3 Nf8 16. e4 dxe4 17. Nxe4 Bc8 $5 18. Nc3 Be6 19. Bc4 b5 20.
Bxe6 {0,5/Portisch,L-Beliavsky,A/Reggio Emilia/1991/}) 15... Nf8 16. e4 dxe4
17. Nxe4 Ne6 18. Bc4 Re8 19. Ne5 Rad8 20. Nxf7 Qxf7 21. Nxf6+ Qxf6 22. Rxe6
Rxe6 23. Bxe6+ $16 {Nikolic,Pr-Vaganian,R/Wijk aan Zee/1989/}) 15. Qc2 $1 (15.
Bf1 {Hansen,Cu} Be6 (15... Bf5 $5)) (15. Bd3 {Hansen,Cu} Bg4) 15... c5 (15...
Be6 16. e4 dxe4 17. Qxe4 (17. Nxe4 $16 {Hansen,Cu}) 17... Qd7 18. Bd3 $40) (
15... Nd7 16. e4 dxe4 17. Nxe4 $16) 16. e4 dxe4 17. Nxe4 Nc6 (17... Bf5 18. Bd3
$16) (17... Bxd4 18. Nxd4 cxd4 19. Bf3 $16) (17... cxd4 18. Bc4 Bb7 19. Neg5
$16) 18. dxc5 Bf5 19. Nxf6+ Qxf6 20. Qc1 $16 Nb4 21. cxb6 (21. a3 Nc2 $1) 21...
axb6 (21... Rac8 22. Rxd8+ Qxd8 23. Qf4) 22. Rxd8+ Rxd8 23. a3 Rc8 (23... Nd3
24. Bxd3 Bxd3 25. Ne5 $16) 24. Qf4 Nd3 (24... Nc2 25. Rd1 $16) 25. Bxd3 Bxd3
26. Qxf6 gxf6 27. h3 Rc2 28. Re3 Bc4 (28... Bg6 29. Rb3 $18) 29. Rc3 Rxc3 30.
bxc3 Kf8 31. Nd2 Ba6 32. f3 Ke7 33. Kf2 Kd6 34. Ke3 Kd5 35. h4 Ke5 36. c4 Bc8
37. g3 Be6 38. Kd3 Bf5+ 39. Ne4 Be6 (39... Bxe4+ 40. fxe4 h5 41. Ke3 $18) 40.
Nf2 Bf5+ 41. Kc3 Bd7 {Ftacnik,L} (41... Bd7 42. Nd3+ (42. Ng4+ $18 {Hansen,Cu})
42... Kf5 43. Kd4 $18) 1-0

[Event "Biel Mixed"]
[Site "Biel"]
[Date "1991.??.??"]
[Round "6"]
[White "Hansen, Lars Bo"]
[Black "Campora, Daniel Hugo"]
[Result "1-0"]
[WhiteElo "2510"]
[BlackElo "2510"]
[Annotator "Ftacnik,L"]
[PlyCount "101"]
[EventDate "1991.07.??"]
[EventType "tourn"]
[EventRounds "11"]
[EventCountry "SUI"]
[EventCategory "9"]
[SourceTitle "CBM 025"]
[Source "ChessBase"]
[SourceDate "1991.12.01"]
[SourceVersion "1"]
[SourceVersionDate "1991.12.01"]
[SourceQuality "1"]

1. d4 Nf6 2. c4 e6 3. Nc3 d5 4. Bg5 Be7 5. e3 h6 6. Bh4 O-O 7. Nf3 b6 8. Bd3
Bb7 9. Bxf6 Bxf6 10. cxd5 exd5 11. O-O c5 12. Rc1 Nd7 13. Bf5 g6 $6 (13... Rc8
14. Ne5 Bxe5 15. dxe5 Ra8 16. f4 Nb8 17. Bb1 Na6 18. Nb5 $16 {Sokolov,
I-Detreeuw,M/San Bernardino op/1989/}) (13... cxd4 14. exd4 g6 15. Bd3 Bg7 16.
Qb3 a6 17. Rfe1 Rc8 18. a4 Nf6 19. Rcd1 Qd6 20. Ne5 $14 {Sokolov,I-Hellers,F/
Biel/1989/ ->CBM 14}) 14. Bxd7 Qxd7 15. dxc5 bxc5 16. Ne4 $1 Bxb2 17. Nxc5 Qe7
18. Rb1 (18. Rc2 Bg7 19. Nxb7 Qxb7 $10) 18... Qxc5 19. Rxb2 Ba6 20. Re1 Rab8
21. Rd2 $1 Bc4 (21... Rfd8 22. e4 $16) 22. Ne5 $1 Rfd8 23. Qa1 $1 Rbc8 (23...
h5 24. Rc1 $16) 24. Ng4 d4 (24... h5 25. Nh6+ (25. Nf6+ Kf8 26. Rd4 $16) 25...
Kf8 26. Qh8+ Ke7 27. Qe5+ Kf8 28. Qf6 Rd7 29. Rd4 $40) 25. Rxd4 Rxd4 26. Nf6+
Kg7 27. exd4 Qc6 28. Ne8+ $1 Kg8 (28... Rxe8 29. d5+ Qf6 30. Qxf6+ Kxf6 31.
Rxe8 $18) 29. d5 Qxe8 30. Rxe8+ Rxe8 31. d6 Rd8 32. Qf6 Rd7 33. a4 Be6 34. Qd4
Rb7 35. h3 a5 36. Kh2 h5 37. Qe5 Rd7 38. Kg3 Kh7 39. f3 Bb3 40. Qb5 Be6 41. Qe5
Bb3 42. Qxa5 Rxd6 43. Qb4 Rd3 44. Qb5 h4+ 45. Kh2 Re3 46. a5 Be6 47. a6 Ra3 48.
Qb7 Rb3 49. Qe7 Rb5 50. a7 Ra5 51. Qxh4+ {Ftacnik,L} (51. Qxh4+ Kg7 52. Qe4
Rxa7 53. Qd4+) 1-0

[Event "Hoogovens"]
[Site "Wijk aan Zee"]
[Date "1990.01.??"]
[Round "1"]
[White "Dokhoian, Yury"]
[Black "Portisch, Lajos"]
[Result "1/2-1/2"]
[WhiteElo "2540"]
[BlackElo "2605"]
[Annotator "Ftacnik,L"]
[PlyCount "81"]
[EventDate "1990.01.??"]
[EventType "tourn"]
[EventRounds "13"]
[EventCountry "NED"]
[EventCategory "13"]
[SourceTitle "CBM 017"]
[Source "ChessBase"]
[SourceDate "1990.08.01"]
[SourceVersion "1"]
[SourceVersionDate "1990.08.01"]
[SourceQuality "1"]

1. d4 d5 2. c4 e6 3. Nc3 Be7 4. Nf3 Nf6 5. Bg5 O-O 6. e3 h6 7. Bh4 b6 8. Be2
Bb7 9. Bxf6 Bxf6 10. cxd5 exd5 11. b4 c6 12. Qb3 a5 $5 {N} 13. bxa5 b5 14. O-O
(14. a4 Qxa5 15. O-O b4 16. Rfb1 Be7 $13) 14... Qxa5 15. e4 $5 b4 $1 16. exd5
bxc3 (16... cxd5 17. Nb5 Bc6 18. a4) 17. Qxb7 cxd5 18. Rac1 Ra7 (18... Qxa2 19.
Rxc3 $22 Qxe2 20. Qxa8) 19. Qb5 Rc8 $15 20. Rc2 Nd7 21. Rfc1 Nf8 22. Qxa5 Rxa5
23. Rxc3 Rxc3 24. Rxc3 Rxa2 25. Bf1 Ne6 26. Rd3 g5 27. h3 Nf4 28. Rd1 h5 29. g3
Ne6 30. Bg2 Ra5 31. Ne5 h4 32. Nc6 Rb5 33. Bf3 hxg3 34. fxg3 Ng7 35. Bg4 Rb6
36. Ne5 Rb3 37. Kg2 Be7 38. Rf1 f6 39. Nc6 Kf8 40. Nxe7 Kxe7 41. Re1+ {Ftacnik,
L} 1/2-1/2

[Event "URS-ch U26"]
[Site "Minsk"]
[Date "1990.??.??"]
[Round "?"]
[White "Epishin, Vladimir"]
[Black "Magomedov, Magaram"]
[Result "1-0"]
[WhiteElo "2550"]
[BlackElo "2360"]
[Annotator "Ftacnik,L"]
[PlyCount "49"]
[EventDate "1990.01.??"]
[EventType "tourn"]
[EventRounds "13"]
[EventCountry "URS"]
[EventCategory "10"]
[SourceTitle "CBM 017"]
[Source "ChessBase"]
[SourceDate "1990.08.01"]
[SourceVersion "1"]
[SourceVersionDate "1990.08.01"]
[SourceQuality "1"]

1. d4 d5 2. c4 e6 3. Nc3 Be7 4. Nf3 Nf6 5. Bg5 h6 6. Bh4 O-O 7. e3 b6 8. Rc1
Bb7 9. Bxf6 Bxf6 10. cxd5 exd5 11. Bd3 c5 12. O-O Qd6 $6 {N} 13. e4 $1 Bxd4 $8
(13... dxe4 14. Nxe4 $16) (13... cxd4 14. e5 Bxe5 15. Nb5 Qf6 16. Nxe5 Qxe5 17.
Nc7 $16) 14. Nxd4 cxd4 15. Nb5 Qd8 (15... Qe5 16. f4) 16. e5 $1 (16. exd5 Qxd5)
16... Nc6 17. f4 (17. Nd6 Qe7 (17... Nxe5 $5 18. Nxb7 Qd7)) 17... Ne7 18. Nxd4
Rc8 19. f5 $1 Nc6 20. Nxc6 Rxc6 21. f6 Rxc1 (21... g6 22. Qg4 $18) 22. Qg4 $3
Rxf1+ 23. Kxf1 g6 (23... g5 24. Qf5) 24. Bxg6 Kh8 25. Qh5 {Ftacnik,L} 1-0

[Event "Linares 08th"]
[Site "Linares"]
[Date "1990.??.??"]
[Round "5"]
[White "Portisch, Lajos"]
[Black "Beliavsky, Alexander G"]
[Result "0-1"]
[WhiteElo "2605"]
[BlackElo "2640"]
[Annotator "Ftacnik,L"]
[PlyCount "84"]
[EventDate "1990.02.??"]
[EventType "tourn"]
[EventRounds "11"]
[EventCountry "ESP"]
[EventCategory "16"]
[SourceTitle "CBM 017"]
[Source "ChessBase"]
[SourceDate "1990.08.01"]
[SourceVersion "1"]
[SourceVersionDate "1990.08.01"]
[SourceQuality "1"]

1. d4 Nf6 2. c4 e6 3. Nf3 d5 4. Nc3 Be7 5. Bg5 O-O 6. e3 h6 7. Bh4 b6 8. Rc1
Bb7 9. Bxf6 Bxf6 10. cxd5 exd5 11. Bd3 c5 12. Bb1 Qe7 13. O-O Rd8 14. Re1 Nd7
15. e4 $5 dxe4 16. Nxe4 cxd4 17. Nc5 (17. Nxf6+ Qxf6 18. Qxd4 Bxf3 19. Qxf6
Nxf6 20. gxf3 $10) 17... Bxf3 18. Qd3 Be4 19. Nxe4 g6 20. Rc6 Kf8 21. Qd2 Bg7
22. Rc7 Qe5 (22... a5 $5) 23. Qb4+ Kg8 24. Nd6 a5 25. Rxe5 axb4 26. Re7 Nc5 27.
Rxf7 (27. Nxf7 Re8 $17) 27... Ne6 28. Rc6 b3 $5 29. a3 Rxd6 30. Rxg7+ Kxg7 31.
Rxd6 Rc8 32. Bd3 (32. Kf1 Rc1+ 33. Ke2 Rxb1 34. Rxe6 Rxb2+ 35. Kd3 Rxf2 $19)
32... Rc1+ 33. Bf1 Kf6 34. f4 $2 (34. Rxb6 Ke5 35. Rxb3 Nc5 $17) 34... Ke7 35.
Rd5 Nxf4 36. Re5+ Kf6 37. Re4 Kf5 38. Re8 d3 39. Rd8 Ke4 40. g3 Ne6 41. Re8 d2
42. Rxe6+ Kd5 {Ftacnik,L} 0-1

[Event "Balkaniad"]
[Site "Kavala"]
[Date "1990.??.??"]
[Round "6"]
[White "Sokolov, Ivan"]
[Black "Kotronias, Vasilios"]
[Result "1-0"]
[WhiteElo "2550"]
[BlackElo "2510"]
[Annotator "Ftacnik,L"]
[PlyCount "71"]
[EventDate "1990.10.??"]
[EventType "team"]
[EventRounds "6"]
[EventCountry "GRE"]
[SourceTitle "CBM 021"]
[Source "ChessBase"]
[SourceDate "1991.04.01"]
[SourceVersion "1"]
[SourceVersionDate "1991.04.01"]
[SourceQuality "1"]

1. d4 Nf6 2. Nf3 d5 3. c4 e6 4. Nc3 Be7 5. Bg5 h6 6. Bh4 O-O 7. e3 b6 8. Rc1
Bb7 9. Bxf6 Bxf6 10. cxd5 exd5 11. Bd3 c5 12. O-O Re8 13. Bb5 Re7 14. dxc5 bxc5
15. Na4 Na6 (15... c4 $2 16. Bxc4 $18) 16. Nxc5 Nxc5 17. Rxc5 Qa5 (17... Bxb2
18. Qb3 Bf6 19. Rd1 $16) (17... Qb6 18. Qc2) 18. Qa4 Qb6 (18... Qxa4 19. Bxa4
Bxb2 20. Rb1 Bf6 21. Rcb5 $1 $16) 19. Qc2 Re4 (19... Bxb2 $2 20. Rb1 Ba3 21.
Rc3 Qd6 22. Bc6 $1 $16) 20. Bd3 Rb4 21. b3 $16 Be7 22. Rc7 Bd8 (22... Bd6 23.
Rc3 $16 (23. Rd7 Bc8 24. Bh7+ Kf8 $13)) 23. Bh7+ Kf8 24. Rd7 Bf6 (24... Bc8 25.
Rxd5) 25. Rc1 Re8 (25... Rc8 $2 26. Qxc8+ Bxc8 27. Rxc8+ $18) 26. Bd3 g6 27. h3
Qe6 28. Rc7 Rb6 (28... Bd8 29. Qc5+ Be7 30. Qc3) 29. Nd4 Qe5 30. a4 $1 Be7 31.
a5 Rb4 32. a6 $18 Ba8 33. Rxa7 Bd6 34. Nf3 Qh5 35. Rxa8 $1 Rxa8 36. Qc6 {
Ftacnik,L} (36. Qc6 Rd8 37. a7 $18) 1-0